000
00265nam a2200109Ia 4500
008
240625s9999 xx 000 0 und d
041
_a
eng
082
_a
332.6 CHA
100
_a
CHANDRA PRASANNA
245
_a
INVESTMENT ANALYSIS AND PORTFOLIO MANAGE
260
_c
2014
999
_c
39531
_d
39531